Harry Styles Discography - Statistics

General Stats
  • This quiz has been taken 207 times
    47 since last reset
  • The average score is 34 of 47
Answer Stats
Songs % Correct
Kiwi
100%
American Girls
92%
Cherry
88%
Fine Line
88%
Golden
88%
Aperture
85%
From the Dining Table
85%
Music for a Sushi Restaurant
85%
Sign of the Times
85%
As It Was
81%
Coming Up Roses
81%
Paint By Numbers
81%
Two Ghosts
81%
Watermelon Sugar
81%
Grapejuice
77%
Taste Back
77%
Adore You
73%
Boyfriends
73%
Carla's Song
73%
Carolina
73%
Dance No More
73%
Falling
73%
Lights Up
73%
Matilda
73%
Meet Me in the Hallway
73%
Treat People With Kindness
73%
Canyon Moon
69%
Daydreaming
69%
Ever Since New York
69%
Only Angel
69%
Ready, Steady, Go!
69%
Season 2 Weight Loss
69%
Sunflower, Vol.6
69%
The Waiting Game
69%
Are You Listening Yet?
65%
Keep Driving
65%
Pop
65%
Satellite
65%
Sweet Creature
65%
Woman
65%
Daylight
62%
Late Night Talking
62%
Little Freak
62%
Love of My Life
62%
She
58%
Cinema
54%
To Be So Lonely
54%
No matching quizzes found
Score Distribution
Percent of People with Each Score
Percentile by Number Answered
Your Score History
You have not taken this quiz since the last reset